Statistics for Countries With The Highest Malaria Death Rate

Click here to take the quiz!

General Stats

  • This quiz has been taken 36 times
  • The average score is 12 of 15

Answer Stats

Deaths Per 100,000Country% Correct
58.45Democratic Republic of the Congo
94%
49.56Niger
94%
42.39Republic of the Congo
94%
48.11Ghana
88%
61.16Mali
85%
55.04Central African Republic
82%
43.00Togo
82%
42.13Burundi
76%
49.18Guinea
76%
42.41Liberia
76%
72.49Sierra Leone
76%
90.74Burkina Faso
73%
47.27Malawi
73%
45.14South Sudan
64%
45.70Equatorial Guinea
61%

Score Distribution

Percentile by Number Answered

Percent of People with Each Score

Your Score History

You have not taken this quiz